Krásu našla v tradícii

Bibliographic Details
Other Authors: Buzoga, Michal, 1933- (Interviewer)
Format: Article
Language:Slovak
PhysicalDescription:Obr. 4.
Subjects:

MARC

LEADER 00000nab a2200000 a 4500
001 vtls000262304
005 20260421153340.0
008 160215c1986 xo 0 slo
015 |a SNBRB19rr/mm-uuuuu 
035 |a CL0272418 
040 |a SNKBUCL  |b slo  |c SNKBUCL  |e AACR2 
041 0 |a slo 
044 |a xo  |c SK 
080 |a 745.52.071.1  |2 1981 
080 |a 929 Bošelová, Marta  |2 1981 
100 1 |a Bošelová, Marta,  |d 1955-  |4 ive  |9 249456 
245 1 0 |a Krásu našla v tradícii  |c Marta Bošelová, Michal Buzoga 
300 |b Obr. 4. 
600 1 7 |a Bošelová, Marta,  |d 1955-  |2 SNKMA  |9 249456 
655 7 |a rozhovory  |2 snkbucl  |9 31831 
655 7 |a články z novín a časopisov  |2 snkbucl  |9 267496 
700 1 |a Buzoga, Michal,  |d 1933-  |4 ivr  |9 38790 
773 0 |t Život  |g Roč. 36, č. 41 (1986), s. 10-11 
852 |a SNK 
958 |a BX 
958 |a RK 
958 |a DE 
999 |c 2575787  |d 2577717